000
00318nam a22001217a 4500
008
190226b xxu||||| |||| 00| 0 eng d
041
_a
eng
080
_a
371
100
_a
25
101
_a
EDU
245
_a
The Teaching Research Curriculum for Moderately and Severely Handicapped
_c
Frederics, H.D.B
942
_2
udc
_c
BK
999
_c
54282
_d
54282